000 00736nas a2200241 4500
001 BR2012005555
003 BR-BrBNA
005 20231205120915.0
007 ta
008 230509b bl.|||p| |||| 00| 00por d
040 _aBR-BrBNA
_bpor
_cBiblioteca Nacional de Agricultura
041 _a(Es)
072 _aH10
100 1 _aVargas, H.A.
245 1 _aLarva de último instar y pupa de Melipotis cellaris (Guenée)(Lepidoptera: noctuidae)
650 _aPRAGA DE PLANTA
650 _aMORFOLOGIA ANIMAL
650 _aLARVA
650 _aPUPA
773 0 _tNeotropical Entomology (Brazil)
_xISSN 1519-566X
_g(Sep-Oct 2010), v. 39(5) p. 736-741
_wBR2012005555
909 _a202311
_bLúcia
_c55
_dLúcia Elande
942 _2AGRIS
_n0
_cANA
999 _c220914
_d220914